| 000 | 00389nam a2200157Ia 4500 | ||
|---|---|---|---|
| 008 | 230524s9999 xx 000 0 und d | ||
| 082 |
_a621.382 _bNAI |
||
| 100 | _aAshutosh Pramanik | ||
| 245 | 0 | _aElectromagnetism Theory and Applications | |
| 250 | _a1ST | ||
| 260 |
_aNEW DELHI _bPHI _c2003 |
||
| 300 | _aXIII;434 | ||
| 500 | _aQuantity Number: 3 | ||
| 650 | _aPhysics | ||
| 942 | _cBK | ||
| 999 |
_c37231 _d37231 |
||